000 nam a22 7a 4500
999 _c15290
_d15290
008 161028b xxu||||| |||| 00| 0 eng d
020 _a0070651833
050 _aGB 55 .T73 1977
100 _aTrewartha,Glenn T.
245 _aFundamentals of Physical Geography/
_cGlenn T.Trewartha, Arthur H.Robinson, Edwin H.Hammond Lyle H.Horn and Randall D.Sale
250 _a3rd ed.
260 _aNew York :
_bMcGraw Hill Book Company,
_cc1977
300 _avii, 376p. :
_bill. ;
500 _aIncludes index.
650 _aPhysical geography
_xTextbooks
_y1945
700 _aRobinson,Arthur H.
700 _aHammond,Edwin H.
700 _aHorn,Lyle H.
700 _aSale, Randall D.
942 _2lcc
_cBOOKS
_hGB 55 .T73 1977
_01